Szunyogh Xavér Ferenc: A Lét bölcselete [recenzió]
Elmentve itt :
| Szerző: | |
|---|---|
| Adatforrás: | Philobibl |
| Forrásdokumentuma: | Egyházfórum 26.2011:1. p. 58-59. |
| Dokumentumtípus: | Cikk |
| Nyelv: | magyar |
| Kulcsszavak: | Szunyogh Xavér Ferenc vallásfilozófia lételmélet anyag élet Isten |
| LEADER | 00481nab a2200169 c 4500 | ||
|---|---|---|---|
| 001 | bibPHI0044688 | ||
| 005 | 20200924125330.4 | ||
| 008 | 130912s2011 hu hun | ||
| 100 | 1 | |a Szakolczai György | |
| 245 | 1 | 0 | |a Szunyogh Xavér Ferenc: A Lét bölcselete |b [recenzió] |c Szakolczai György |
| 695 | |a Szunyogh Xavér Ferenc | ||
| 695 | |a vallásfilozófia | ||
| 695 | |a lételmélet | ||
| 695 | |a anyag | ||
| 695 | |a élet | ||
| 695 | |a Isten | ||
| 773 | 0 | |t Egyházfórum |g 26.2011:1. p. 58-59. | |